000 00834nam a2200253Ia 4500
003 OSt
005 20220928101606.0
006 a|||||r|||| 00| 0
007 ta
008 220927b |||||||| |||| 00| 0 eng d
020 _c11673.229499999999
024 _a120208
037 _b159, 04/10/2013, Onkar Book Agency
_cTextual
040 _aSDCL
_cSDCL
_beng
041 _2eng
_aeng
082 _aI,1132:f3, Q2.1
100 _aWendel Jonathan F Ed.
_9392194
245 0 _aPlant genome diversity .Vol-1
_b Plant genomes,their residents,and their evolutionary dynamics.
260 _aWien
_bSpringer
_c2012
300 _a1;279p
_ccm.
650 _aPlant Molecular Biology
_9392195
942 _hI,1132:f3, Q2.1
_cTEXL
_2CC
999 _c707993
_d707993